বাংলাদেশ * গণমাধ্যম * আইন * ও * বিধিমালা / (Record no. 39454)
[ view plain ]
| 000 -LEADER | |
|---|---|
| fixed length control field | 01263nam a2200241 a 4500 |
| 001 - CONTROL NUMBER | |
| control field | 39454 |
| 003 - CONTROL NUMBER IDENTIFIER | |
| rucl marc code | BD-RjUL |
| 005 - DATE AND TIME OF LATEST TRANSACTION | |
| control field | 20211209053008.0 |
| 008 - FIXED-LENGTH DATA ELEMENTS--GENERAL INFORMATION | |
| fixed length control field | 160411s1996 bg ||||| |||| 00| 0 ben d |
| 020 ## - INTERNATIONAL STANDARD BOOK NUMBER | |
| International Standard Book Number | 984050172X |
| Terms of availability | : TK. 250.00 |
| 035 ## - SYSTEM CONTROL NUMBER | |
| System control number | (BD-RjUL)39567 |
| 040 ## - CATALOGING SOURCE | |
| Original cataloging agency | BD-RjUL |
| Language of cataloging | ben |
| Transcribing agency | BD-RjUL |
| 041 ## - LANGUAGE CODE | |
| Language code of text/sound track or separate title | ben |
| 082 ## - DEWEY DECIMAL CLASSIFICATION NUMBER | |
| Edition number | 23 |
| Classification number | 343.5492099 |
| Author mark and year | BAN 1996 |
| 245 ## - TITLE STATEMENT | |
| Title | বাংলাদেশ * গণমাধ্যম * আইন * ও * বিধিমালা / |
| Statement of responsibility, etc. | আবু নছর মোঃ গাজীউল হক সংকলিত |
| 260 ## - PUBLICATION, DISTRIBUTION, ETC. (IMPRINT) | |
| Place of publication, distribution, etc. | ঢাকা : |
| Name of publisher, distributor, etc. | এশিয়ান মিডিয়া ইনফরমেশন এন্ড কম্যুনিকেশন সেন্টার (এ্যামিক) ; |
| -- | ইউনিভার্সিটি প্রেস লিমিটেড, |
| Date of publication, distribution, etc. | ১৯৯৬. |
| 300 ## - PHYSICAL DESCRIPTION | |
| Pagination | [৮] ২৩৫ পৃ. ; |
| Size | ২২ সেমি. |
| 504 ## - BIBLIOGRAPHY, ETC. NOTE | |
| Bibliography, etc | পরিশিষ্ট সংযুক্ত |
| 650 ## - SUBJECT ADDED ENTRY--TOPICAL TERM | |
| Topical term or geographic name as entry element | গণমাধ্যম |
| Form subdivision | আইন ও বিধিমালা |
| Geographic subdivision | বাংলাদেশ |
| 9 (RLIN) | 121604 |
| Topical term or geographic name as entry element | Mass media |
| Form subdivision | Law and legislation |
| Geographic subdivision | Bangladesh |
| 9 (RLIN) | 121605 |
| 700 ## - ADDED ENTRY--PERSONAL NAME | |
| Personal name | হক, আবু নছর মোঃ গাজীউল, সংকলক |
| 942 ## - ADDED ENTRY ELEMENTS (KOHA) | |
| Source of classification or shelving scheme | Dewey Decimal Classification |
| Koha item type | Books |
| Lost status | Source of classification or shelving scheme | Damaged status | Not for loan | Collection code | Permanent Location | Current Location | Shelving location | Date acquired | Source of acquisition | Cost, normal purchase price | Total Checkouts | Full call number | Date last seen | Copy number | Koha item type |
|---|---|---|---|---|---|---|---|---|---|---|---|---|---|---|---|
| Dewey Decimal Classification | Not For Loan | Non-fiction | Central Library, University of Rajshahi | Central Library, University of Rajshahi | Reading Room | 23/12/2013 | Prothoma prokason, Dhaka | 250.00 | B 343.5492099 BAN 1996 | 11/04/2016 | C-1 | Books | |||
| Dewey Decimal Classification | Non-fiction | Central Library, University of Rajshahi | Central Library, University of Rajshahi | 23/12/2013 | Prothoma prokason, Dhaka | 250.00 | B 343.5492099 BAN 1996 | 11/04/2016 | C-2 | Books | |||||
| Dewey Decimal Classification | Non-fiction | Central Library, University of Rajshahi | Central Library, University of Rajshahi | 23/12/2013 | Prothoma prokason, Dhaka | 250.00 | B 343.5492099 BAN 1996 | 11/04/2016 | C-3 | Books |